| 000 | 00500nam a22001577a 4500 | ||
|---|---|---|---|
| 020 | _a0 419 13830 7 | ||
| 082 |
_a624.18341 _bMAC _cL-19, P-93 |
||
| 100 |
_aMachGinley, T.J _943241 |
||
| 245 |
_aReinforced concrete _bDesign theory and examples _cT.J. MachGinley |
||
| 260 |
_aLondon _bE. & F.N Spon An Imprint of Chapman and Hall _c1978 |
||
| 300 | _axii, 520.p: | ||
| 526 |
_a0 _b0 _c0 _d624_183410000000000_MAC |
||
| 526 |
_a0 _b0 _c0 _d624_183410000000000_MAC |
||
| 650 |
_aMCE _9379 |
||
| 942 |
_2ddc _cBK |
||
| 999 |
_c547048 _d547048 |
||